What Movie? Actor Pairings IV Quiz Stats

 Plays Quiz Updated Jan 3, 2017

Challenge
Share
Tweet
Embed
Score 0/45 Timer 09:00
2 Plays Today
Actor Movies % Correct
Ryan GoslingThe Notebook
82.3%
Matthew McConaugheyMagic Mike
61.3%
Joseph Gordon-LevittThe Dark Knight Rises
60.1%
Joseph Gordon-Levitt(500) Days of Summer
59.5%
Robin WilliamsMrs. Doubtfire
52.9%
Joseph Gordon-Levitt10 Things I Hate About You
48.2%
Robert Downey Jr.Iron Man 2
47.1%
Robert Downey Jr.Due Date
45.5%
Adam SandlerThe Waterboy
41.7%
Adam SandlerHappy Gilmore
41.2%
Adam SandlerClick
40.7%
Kevin BaconMystic River
40.6%
Matthew McConaugheyThe Wolf of Wall Street
39.8%
Robin WilliamsJumanji
39.1%
Ralph Fiennes Maid in Manhattan
38.4%
Robin WilliamsHook
37%
Ryan GoslingDrive
35.3%
Ryan GoslingBlue Valentine
33%
Kevin BaconAnimal House
32.4%
Kevin BaconWild Things
31.3%
Joseph Gordon-LevittDon Jon
29.2%
Robin WilliamsDead Poets Society
28.5%
Robert Downey Jr.Kiss Kiss Bang Bang
24.8%
Actor Movies % Correct
Matthew McConaugheyA Time to Kill
22.1%
Adam SandlerPunch-Drunk Love
21.9%
Matthew McConaugheySahara
21.8%
Ralph Fiennes In Bruges
20.3%
Kevin BaconThe River Wild
20%
Joseph Gordon-LevittLooper
19.4%
Ralph Fiennes The Reader
19.3%
Matt DamonRounders
18.9%
Kevin BaconX-Men: First Class
18.2%
Robert Downey Jr.Chaplin
17.6%
Matt DamonElysium
17.4%
Ryan GoslingFracture
16.7%
Matthew McConaugheyThe Lincoln Lawyer
15.3%
Matt DamonTrue Grit
15.2%
Ryan GoslingMurder by Numbers
14.1%
Ralph Fiennes The Grand Budapest Hotel
14%
Matt DamonDogma
12.9%
Matt DamonThe Good Shepherd
12%
Robin WilliamsThe Birdcage
11%
Adam SandlerBedtime Stories
10.6%
Ralph Fiennes Hail, Caesar!
9.7%
Robert Downey Jr.Bowfinger
4.3%

You're not logged in!

Compare scores with friends on all Sporcle quizzes.
Join for Free
OR
Log In

You Might Also Like...

Show Comments

Extras

Top Quizzes Today


Score Distribution

Your Account Isn't Verified!

In order to create a playlist on Sporcle, you need to verify the email address you used during registration. Go to your Sporcle Settings to finish the process.

Report this User

Report this user for behavior that violates our Community Guidelines.

Details: